Países más Cercanos a Sudáfrica con Excepciones - Estadísticas

Estadísticas generales
  • Esta prueba ha sido intentada 2.081 veces
  • La puntuación promedio es 18 de 21
Estadísticas de respuestas
km País % Correcto
6034 India
95%
4485 Arabia Saudita
94%
4118 Yemen
94%
4945 Omán
93%
5909 Irak
91%
5955 Irán
91%
5766 Israel
91%
5636 Catar
88%
5540 Emiratos Árabes Unidos
87%
5746 Jordania
87%
6211 Pakistán
87%
6099 Siria
87%
6185 Sri Lanka
85%
5925 Kuwait
84%
6165 Líbano
84%
5450 Maldivas
83%
5744 Baréin
82%
5747 Brasil
82%
6321 Chipre
78%
6464 Uruguay
70%
6359 Grecia
63%
No se encontraron pruebas coincidentes
Distribución de puntuación
Porcentaje de gente con cada puntuación
Porcentaje por número respondido
Historial de tus puntuaciones
No has intentado esta prueba.